[Event "4NCL Division 1b"]
[Site "Northampton, ENG"]
[Date "2017.02.11"]
[Round "5.51"]
[White "Sadler, Matthew D"]
[Black "Speelman, Jon S"]
[Result "1-0"]
[WhiteElo "2671"]
[BlackElo "2522"]
[PlyCount "49"]
[EventDate "2017.02.11"]
[WhiteTeam "Guildford 1"]
[BlackTeam "Wood Green HK"]

1. e4 e6 2. d4 d5 3. Nc3 Bb4 4. e5 Qd7 5. a3 Bxc3+ 6. bxc3 b6 7. Qg4 f5 8. Qg3
Ba6 9. Bxa6 Nxa6 10. Ne2 O-O-O 11. a4 Kb7 12. O-O Nb8 13. a5 Nc6 14. axb6 axb6
15. c4 dxc4 16. Qa3 Nb8 17. Bg5 Re8 18. d5 Qxd5 19. Rfd1 Qe4 20. Nc3 Qc6 21.
Qa8+ Kc8 22. Qxc6 Nxc6 23. Ra8+ Nb8 24. Nb5 Re7 25. Rxb8+ 1-0

[Event "4NCL Division 1b"]
[Site "Northampton, ENG"]
[Date "2017.02.11"]
[Round "5.52"]
[White "Haria, Ravi"]
[Black "Jones, Gawain C B"]
[Result "0-1"]
[WhiteElo "2413"]
[BlackElo "2677"]
[PlyCount "76"]
[EventDate "2017.02.11"]
[WhiteTeam "Wood Green HK"]
[BlackTeam "Guildford 1"]

1. Nf3 c5 2. g3 Nc6 3. Bg2 e5 4. c4 g6 5. Nc3 Bg7 6. O-O Nge7 7. a3 O-O 8. Ne1
d6 9. Nc2 Be6 10. d3 d5 11. cxd5 Nxd5 12. Ne3 Nde7 13. Nc4 Rb8 14. Ne4 b5 15.
Ne3 Qb6 16. Bd2 Nd4 17. b4 c4 18. dxc4 bxc4 19. Rc1 Rfd8 20. Nc5 Nb3 21. Nxb3
cxb3 22. Rc5 e4 23. Qe1 Bd4 24. Bxe4 Bxc5 25. bxc5 Qxc5 26. Bb4 Rxb4 27. axb4
Qd4 28. Qd1 Qb6 29. Qa1 Rd4 30. Bb1 Nc6 31. Rc1 Nxb4 32. Qa4 b2 33. Rc3 Nd5 34.
Qe8+ Kg7 35. Rc6 Nxe3 36. fxe3 Rd1+ 37. Kf2 Qa5 38. Rxe6 Rxb1 0-1

[Event "4NCL Division 1b"]
[Site "Northampton, ENG"]
[Date "2017.02.11"]
[Round "5.53"]
[White "Van Kampen, Robin"]
[Black "Cooper, Lawrence H"]
[Result "1-0"]
[WhiteElo "2644"]
[BlackElo "2355"]
[PlyCount "87"]
[EventDate "2017.02.11"]
[WhiteTeam "Guildford 1"]
[BlackTeam "Wood Green HK"]

1. e4 e5 2. Nf3 Nc6 3. Bb5 a6 4. Ba4 Nf6 5. O-O Be7 6. Re1 b5 7. Bb3 O-O 8. a3
Bb7 9. d3 d6 10. Nc3 h6 11. Nd5 Nd4 12. Nxd4 exd4 13. Nxe7+ Qxe7 14. Bf4 Nd7
15. Qg4 Ne5 16. Qg3 Qf6 17. Bd2 Qg6 18. Qxg6 Nxg6 19. f4 c5 20. g3 a5 21. c3
dxc3 22. bxc3 Rfe8 23. Rab1 Rab8 24. Bc2 Bc6 25. d4 cxd4 26. cxd4 d5 27. e5 Ra8
28. Bd3 Reb8 29. Rec1 Ne7 30. Rc5 Bd7 31. Kf2 b4 32. axb4 a4 33. Bc3 a3 34. Ra1
a2 35. Ke3 Bf5 36. Bxf5 Nxf5+ 37. Kd3 Ra3 38. Ra5 Ra8 39. Rxa8+ Rxa8 40. g4 Ne7
41. Kc2 Ng6 42. f5 Nf4 43. Kb3 Ne2 44. Bb2 1-0

[Event "4NCL Division 1b"]
[Site "Northampton, ENG"]
[Date "2017.02.11"]
[Round "5.54"]
[White "Fitzsimons, David"]
[Black "Edouard, Romain"]
[Result "0-1"]
[WhiteElo "2382"]
[BlackElo "2616"]
[PlyCount "124"]
[EventDate "2017.02.11"]
[WhiteTeam "Wood Green HK"]
[BlackTeam "Guildford 1"]

1. e4 c5 2. c3 e6 3. d4 d5 4. exd5 exd5 5. Nf3 Nc6 6. Bb5 Bd6 7. O-O Nge7 8.
dxc5 Bxc5 9. Nbd2 O-O 10. Nb3 Bb6 11. Re1 a6 12. Bxc6 bxc6 13. Be3 Bxe3 14.
Rxe3 Nf5 15. Re1 Qb6 16. Nbd4 Nxd4 17. cxd4 Bg4 18. Re3 Rfe8 19. Qb3 Qxb3 20.
axb3 Rxe3 21. fxe3 f6 22. Rc1 Rb8 23. Nd2 Rb6 24. Kf2 h5 25. Rc3 Kf7 26. g3 Ke7
27. h4 Kd6 28. e4 Rb8 29. exd5 cxd5 30. Nf1 Bf5 31. Kf3 Rb4 32. Ke3 g6 33. Nd2
Rb5 34. Kf4 Ra5 35. b4 Rb5 36. Ra3 Bc8 37. Ra4 Rb6 38. Nb3 Bd7 39. Ra5 Bc6 40.
Nc5 Rxb4 41. Ke3 Rxb2 42. Rxa6 g5 43. Ra7 Bb5 44. hxg5 fxg5 45. Rh7 Re2+ 46.
Kf3 g4+ 47. Kf4 Be8 48. Rh6+ Ke7 49. Kf5 Re3 50. Kf4 Rf3+ 51. Kg5 Rxg3 52. Re6+
Kf8 53. Rf6+ Kg8 54. Rf5 Bf7 55. Nd7 Kg7 56. Nf6 Rf3 57. Nxh5+ Bxh5 58. Rxd5
Bf7 59. Re5 g3 60. Kh4 Kf6 61. Re1 g2 62. Rg1 Be6 0-1

[Event "4NCL Division 1b"]
[Site "Northampton, ENG"]
[Date "2017.02.11"]
[Round "5.55"]
[White "Fernandez, Daniel Howard"]
[Black "McDonald, Neil"]
[Result "1-0"]
[WhiteElo "2477"]
[BlackElo "2412"]
[PlyCount "115"]
[EventDate "2017.02.11"]
[WhiteTeam "Guildford 1"]
[BlackTeam "Wood Green HK"]

1. Nf3 d5 2. d4 Nf6 3. c3 e6 4. Bf4 Bd6 5. Bg3 c5 6. e3 O-O 7. Nbd2 b6 8. Bd3
Ba6 9. Bxa6 Nxa6 10. O-O Bxg3 11. hxg3 b5 12. Qe2 c4 13. e4 dxe4 14. Ne1 Nc7
15. a4 a6 16. Nc2 Ncd5 17. axb5 axb5 18. Nxe4 Nxe4 19. Qxe4 Rb8 20. Ne3 Nxe3
21. Qxe3 h6 22. Ra7 b4 23. Rfa1 bxc3 24. bxc3 Rb3 25. Qf3 Qd5 26. Rc1 Qg5 27.
Qf4 Qg6 28. Qf3 Qd3 29. Rc7 Qd2 30. Qf4 Qd3 31. Qf3 Qd2 32. Qe3 Qxe3 33. fxe3
Ra8 34. Rc2 Rb1+ 35. Kf2 Ra4 36. g4 Rb3 37. e4 Rb1 38. e5 Rb3 39. Kg3 Kh7 40.
Rxf7 Raa3 41. Rf3 Kg6 42. Kf4 Ra1 43. Re2 Rc1 44. d5 Rcxc3 45. dxe6 Rd3 46. Re4
Rb6 47. Rxc4 Rd8 48. e7 Re8 49. Rc7 Re6 50. Rd3 R8xe7 51. Rxe7 Rxe7 52. Rd6+
Kh7 53. e6 Kg6 54. Ke5 Ra7 55. Rd8 Ra5+ 56. Kd6 Ra6+ 57. Ke7 Ra7+ 58. Kf8 1-0

[Event "4NCL Division 1b"]
[Site "Northampton, ENG"]
[Date "2017.02.11"]
[Round "5.56"]
[White "Weaving, Richard"]
[Black "Pert, Nicholas"]
[Result "1/2-1/2"]
[WhiteElo "2342"]
[BlackElo "2566"]
[PlyCount "86"]
[EventDate "2017.02.11"]
[WhiteTeam "Wood Green HK"]
[BlackTeam "Guildford 1"]

1. e4 c5 2. Nf3 Nc6 3. Bb5 Nf6 4. Bxc6 dxc6 5. d3 Bg4 6. h3 Bh5 7. b3 Nd7 8.
Bb2 Qc7 9. e5 e6 10. Nbd2 Be7 11. Qe2 a5 12. a4 b5 13. O-O O-O 14. Rfe1 Rfd8
15. Ne4 c4 16. dxc4 bxc4 17. g4 Bg6 18. Qxc4 Nb6 19. Qe2 Nd5 20. Nfd2 Bb4 21.
Red1 Bxd2 22. Rxd2 Nf4 23. Rxd8+ Qxd8 24. Qe3 Nxh3+ 25. Kg2 Qh4 26. f3 h5 27.
Nf2 Nxf2 28. Qxf2 Qxf2+ 29. Kxf2 hxg4 30. Rc1 gxf3 31. Kxf3 Rd8 32. Ke3 Rd5 33.
Bd4 f5 34. exf6 e5 35. f7+ Kxf7 36. Bb6 Bf5 37. Rf1 Ke6 38. Rf2 g6 39. Rd2 g5
40. c4 Rxd2 41. Kxd2 g4 42. Bxa5 c5 43. Bd8 g3 1/2-1/2

[Event "4NCL Division 1b"]
[Site "Northampton, ENG"]
[Date "2017.02.11"]
[Round "5.57"]
[White "Hebden, Mark L"]
[Black "Arvola, Benjamin"]
[Result "1-0"]
[WhiteElo "2486"]
[BlackElo "2320"]
[PlyCount "101"]
[EventDate "2017.02.11"]
[WhiteTeam "Guildford 1"]
[BlackTeam "Wood Green HK"]

1. d4 Nf6 2. Nf3 e6 3. c4 d5 4. Bg5 Bb4+ 5. Nc3 O-O 6. e3 Nbd7 7. Rc1 c5 8.
cxd5 exd5 9. Bd3 Qa5 10. O-O Bxc3 11. bxc3 Ne4 12. Bf4 Ndf6 13. Ne5 Qa3 14.
dxc5 Be6 15. c6 bxc6 16. f3 Nxc3 17. Qd2 d4 18. exd4 Ncd5 19. Bg5 Rab8 20. Nc4
Qa4 21. Kh1 Nd7 22. Bh4 Nb4 23. Bb1 Qa6 24. Ne3 Nxa2 25. Qc2 g6 26. Bxa2 Qxa2
27. Qxc6 Nb6 28. Qe4 Nd5 29. Ra1 Qb3 30. Nxd5 Bxd5 31. Qf4 Qb6 32. Bf6 a5 33.
Rxa5 Bc4 34. Rc1 Rbc8 35. Rc5 Ba6 36. h3 Rfe8 37. Kh2 Rxc5 38. dxc5 Qb8 39.
Qxb8 Rxb8 40. c6 Re8 41. c7 Rc8 42. Rd1 h6 43. Rd8+ Kh7 44. f4 g5 45. f5 h5 46.
g4 Bb7 47. Kg1 Ba6 48. Kf2 Bb7 49. Ke3 Kh6 50. Kd4 Kh7 51. Ke5 1-0

[Event "4NCL Division 1b"]
[Site "Northampton, ENG"]
[Date "2017.02.11"]
[Round "5.58"]
[White "Longson, Sarah N"]
[Black "Milliet, Sophie"]
[Result "1/2-1/2"]
[WhiteElo "2177"]
[BlackElo "2374"]
[PlyCount "83"]
[EventDate "2017.02.11"]
[WhiteTeam "Wood Green HK"]
[BlackTeam "Guildford 1"]

1. e4 e5 2. Nf3 Nc6 3. Bc4 Nf6 4. d3 Be7 5. O-O O-O 6. Re1 d6 7. c3 Na5 8. Bb5
a6 9. Ba4 c5 10. Nbd2 Qc7 11. Nf1 Be6 12. Ng3 Rad8 13. h3 b5 14. Bc2 Nc6 15.
Be3 d5 16. exd5 Bxd5 17. Nf5 e4 18. dxe4 Bxe4 19. Nxe7+ Nxe7 20. Qe2 Ned5 21.
Bg5 Rde8 22. Bxe4 Rxe4 23. Qc2 Rfe8 24. Rxe4 Rxe4 25. Rd1 Re6 26. Qd3 h6 27.
Bxf6 Nxf6 28. Qd8+ Qxd8 29. Rxd8+ Kh7 30. Kf1 g5 31. Nd2 Kg7 32. Nb3 Re5 33.
Rd6 Ne4 34. Rxa6 c4 35. Nd4 Nd2+ 36. Kg1 Re1+ 37. Kh2 Nf1+ 38. Kg1 Ng3+ 39. Kh2
Nf1+ 40. Kg1 Ng3+ 41. Kh2 Nf1+ 42. Kg1 1/2-1/2

[Event "4NCL Division 1b"]
[Site "Northampton, ENG"]
[Date "2017.02.11"]
[Round "5.61"]
[White "Adair, James R"]
[Black "Rogers, Jonathan W"]
[Result "1-0"]
[WhiteElo "2479"]
[BlackElo "2308"]
[PlyCount "47"]
[EventDate "2017.02.11"]
[WhiteTeam "White Rose 1"]
[BlackTeam "Barbican 4NCL 2"]

1. e4 e5 2. Nf3 Nc6 3. Bc4 g6 4. d4 exd4 5. Nxd4 Bg7 6. Nxc6 bxc6 7. O-O d6 8.
Nc3 Ne7 9. Be3 Be6 10. Bxe6 fxe6 11. Qg4 Qd7 12. Rad1 e5 13. Qf3 Qe6 14. Rd3
Qf7 15. Qh3 Nc8 16. f4 O-O 17. f5 d5 18. exd5 cxd5 19. Nxd5 gxf5 20. Bc5 e4 21.
Rg3 Qxd5 22. Bxf8 Qd4+ 23. Kh1 Kxf8 24. Qxf5+ 1-0

[Event "4NCL Division 1b"]
[Site "Northampton, ENG"]
[Date "2017.02.11"]
[Round "5.62"]
[White "Jackson, James P"]
[Black "McNab, Colin A"]
[Result "0-1"]
[WhiteElo "2272"]
[BlackElo "2437"]
[PlyCount "78"]
[EventDate "2017.02.11"]
[WhiteTeam "Barbican 4NCL 2"]
[BlackTeam "White Rose 1"]

1. e4 g6 2. d4 d6 3. Nf3 Nf6 4. Bd3 Bg7 5. O-O O-O 6. Re1 Nc6 7. c3 e5 8. h3 h6
9. Na3 Re8 10. Nc2 Bd7 11. a4 a5 12. Na3 exd4 13. cxd4 Nb4 14. Bb1 Re7 15. Nd2
Bc6 16. Nb5 Qe8 17. Nc3 Rd8 18. f3 Kh7 19. Nf1 Nfd5 20. Re2 Nb6 21. Be3 Qh8 22.
Bf2 Rde8 23. Bc2 Bd7 24. Ng3 Nxc2 25. Rxc2 c6 26. Qd3 d5 27. exd5 Nxd5 28. Nxd5
cxd5 29. Rc5 b6 30. Rxd5 Rd8 31. Rd6 Be6 32. Rxb6 Rxd4 33. Qa6 Rd2 34. Ne4 Rxb2
35. Rxb2 Bxb2 36. Re1 Qd8 37. Kh1 Bd5 38. Rd1 Rd7 39. Bb6 Bxe4 0-1

[Event "4NCL Division 1b"]
[Site "Northampton, ENG"]
[Date "2017.02.11"]
[Round "5.63"]
[White "Palliser, Richard J D"]
[Black "Buchicchio, Giampaolo"]
[Result "1-0"]
[WhiteElo "2414"]
[BlackElo "2250"]
[PlyCount "45"]
[EventDate "2017.02.11"]
[WhiteTeam "White Rose 1"]
[BlackTeam "Barbican 4NCL 2"]

1. d4 d5 2. c4 c6 3. Nf3 Nf6 4. Nc3 a6 5. c5 Nbd7 6. Bf4 Nh5 7. Bg5 h6 8. Bd2
Nhf6 9. Bf4 Nh5 10. Be5 Nxe5 11. Nxe5 Nf6 12. e3 Bf5 13. Bd3 e6 14. O-O Be7 15.
Bxf5 exf5 16. Qd3 g6 17. b4 Qc7 18. f3 Rd8 19. Rad1 O-O 20. e4 fxe4 21. fxe4
Kg7 22. exd5 Nxd5 23. Rxf7+ 1-0

[Event "4NCL Division 1b"]
[Site "Northampton, ENG"]
[Date "2017.02.11"]
[Round "5.64"]
[White "O'Toole, George E"]
[Black "Wells, Peter K"]
[Result "0-1"]
[WhiteElo "2265"]
[BlackElo "2428"]
[PlyCount "80"]
[EventDate "2017.02.11"]
[WhiteTeam "Barbican 4NCL 2"]
[BlackTeam "White Rose 1"]

1. e4 c5 2. c3 Nf6 3. e5 Nd5 4. Nf3 d6 5. d4 cxd4 6. cxd4 Nc6 7. Bc4 dxe5 8.
Bxd5 Qxd5 9. Nc3 Qd6 10. d5 Nd4 11. Nxd4 exd4 12. Qxd4 e5 13. Qd3 Bd7 14. O-O
f5 15. Re1 Kf7 16. a4 a6 17. b3 Rc8 18. Qf3 Qf6 19. Bd2 Bd6 20. Rac1 Rc7 21.
Ne2 Rhc8 22. Bc3 f4 23. Bb2 Rc2 24. Ba1 Qg6 25. Bxe5 Bxe5 26. Nxf4 Qg4 27. Rxc2
Qxf3 28. gxf3 Bxf4 29. Rce2 Bd6 30. Re3 g5 31. Rd1 Rc2 32. Red3 Bf5 33. Rd4 Rc3
34. b4 Rxf3 35. a5 Rb3 36. h4 g4 37. Rc1 h5 38. Kg2 Kf6 39. Rcc4 Bd3 40. Rc1
Ke5 0-1

[Event "4NCL Division 1b"]
[Site "Northampton, ENG"]
[Date "2017.02.11"]
[Round "5.65"]
[White "Gourlay, Iain"]
[Black "Goldie, Thomas"]
[Result "1-0"]
[WhiteElo "2393"]
[BlackElo "2124"]
[PlyCount "53"]
[EventDate "2017.02.11"]
[WhiteTeam "White Rose 1"]
[BlackTeam "Barbican 4NCL 2"]

1. c4 c6 2. g3 Nf6 3. Nf3 d5 4. Bg2 Bf5 5. Qb3 Qb6 6. d3 Nbd7 7. Be3 Qxb3 8.
axb3 a6 9. b4 dxc4 10. dxc4 e5 11. b5 cxb5 12. cxb5 Bxb1 13. Rxb1 axb5 14. O-O
Bb4 15. Rfc1 Ng4 16. Bd2 Bd6 17. Ng5 O-O 18. Ne4 Bb8 19. Bb4 Re8 20. Nc3 Ba7
21. e3 Ndf6 22. Nxb5 Bb6 23. Nd6 Reb8 24. Nc4 Ba7 25. h3 Nh6 26. g4 Nd7 27. Bd6
1-0

[Event "4NCL Division 1b"]
[Site "Northampton, ENG"]
[Date "2017.02.11"]
[Round "5.66"]
[White "Stewart, Ashley"]
[Black "Maroroa, Sue"]
[Result "0-1"]
[WhiteElo "2120"]
[BlackElo "2320"]
[PlyCount "62"]
[EventDate "2017.02.11"]
[WhiteTeam "Barbican 4NCL 2"]
[BlackTeam "White Rose 1"]

1. c4 Nf6 2. g3 g6 3. Bg2 Bg7 4. Nc3 O-O 5. Nf3 d6 6. O-O e5 7. d3 h6 8. Rb1
Nc6 9. b4 a6 10. a4 Be6 11. Nd2 Qc8 12. b5 axb5 13. axb5 Ne7 14. Re1 Bh3 15.
Bh1 Ng4 16. Bb2 c6 17. Qb3 Qf5 18. Nde4 Rad8 19. Ba3 c5 20. Bb2 Qh5 21. Bf3 f5
22. Nd2 f4 23. Nde4 fxg3 24. hxg3 Bg2 25. Kxg2 Qh2+ 26. Kf1 Qh3+ 27. Kg1 Qh2+
28. Kf1 Nf5 29. Nd1 Nxf2 30. Bc1 Nxe4 31. Bf4 Nexg3+ 0-1

[Event "4NCL Division 1b"]
[Site "Northampton, ENG"]
[Date "2017.02.11"]
[Round "5.67"]
[White "Van de Griendt, Jan Willem"]
[Black "Moss, Guy"]
[Result "1/2-1/2"]
[WhiteElo "2365"]
[BlackElo "2082"]
[PlyCount "92"]
[EventDate "2017.02.11"]
[WhiteTeam "White Rose 1"]
[BlackTeam "Barbican 4NCL 2"]

1. d4 d5 2. c4 c6 3. Nf3 Nf6 4. e3 Bf5 5. Nc3 e6 6. Nh4 Bg6 7. Be2 Nbd7 8. g3
Be4 9. O-O Be7 10. f3 Bg6 11. Qb3 Qb6 12. Nxg6 hxg6 13. Kg2 O-O-O 14. Qa4 Rh7
15. c5 Nxc5 16. dxc5 Bxc5 17. Nd1 Rdh8 18. Rh1 e5 19. Bd2 Qc7 20. Rc1 Bb6 21.
Qb3 Qd7 22. Nf2 Kb8 23. a4 e4 24. a5 exf3+ 25. Bxf3 Bc7 26. a6 b6 27. Qa4 Qd6
28. Qxc6 Rxh2+ 29. Rxh2 Rxh2+ 30. Kf1 Qxc6 31. Rxc6 Bxg3 32. Be1 Rh8 33. Bc3
Re8 34. Bxf6 gxf6 35. Rxf6 Rxe3 36. Bxd5 Re5 37. Ne4 Bh4 38. Rd6 Kc7 39. Rc6+
Kd7 40. Rd6+ Kc7 41. Rc6+ Kd7 42. Rxb6 Rxd5 43. Rb7+ Kc6 44. Rxa7 Rf5+ 45. Kg2
Kb6 46. Ra8 Ra5 1/2-1/2

[Event "4NCL Division 1b"]
[Site "Northampton, ENG"]
[Date "2017.02.11"]
[Round "5.68"]
[White "Keen, Cosima"]
[Black "Weller, Jean-Luc"]
[Result "1/2-1/2"]
[WhiteElo "1867"]
[BlackElo "2269"]
[PlyCount "88"]
[EventDate "2017.02.11"]
[WhiteTeam "Barbican 4NCL 2"]
[BlackTeam "White Rose 1"]

1. d4 Nf6 2. Nf3 c5 3. c3 e6 4. Bf4 b6 5. e3 Bb7 6. Bd3 Be7 7. O-O Nh5 8. Ne5
Nxf4 9. exf4 g6 10. Nd2 O-O 11. Qg4 Kh8 12. Rae1 d6 13. Nef3 Nd7 14. Ng5 Nf6
15. Qh4 Nh5 16. g4 h6 17. gxh5 hxg5 18. Qh3 Kg7 19. Bxg6 fxg6 20. Qxe6 Bf6 21.
fxg5 Bxg5 22. Qxg6+ Kh8 23. Ne4 Rg8 24. Qe6 Bxe4 25. Rxe4 Bf4+ 26. Kh1 Qh4 27.
Qh6+ Bxh6 28. Rxh4 Rae8 29. f4 Re2 30. f5 Rgg2 31. f6 Rgf2 32. Kg1 Be3 33. Rxf2
Bxf2+ 34. Kf1 Bxh4 35. Kxe2 c4 36. Kf3 Bxf6 37. Ke4 Bg5 38. b3 cxb3 39. axb3
Bd2 40. c4 Kg7 41. Kd5 Bc3 42. c5 bxc5 43. dxc5 dxc5 44. Kxc5 a5 1/2-1/2

[Event "4NCL Division 1b"]
[Site "Northampton, ENG"]
[Date "2017.02.11"]
[Round "5.81"]
[White "Lewis, Andrew P"]
[Black "Mueller, Constantin"]
[Result "0-1"]
[WhiteElo "2277"]
[BlackElo "2272"]
[PlyCount "62"]
[EventDate "2017.02.11"]
[WhiteTeam "Anglian Avengers 1"]
[BlackTeam "North East England"]

1. Nf3 Nf6 2. c4 e6 3. Nc3 d5 4. d4 Nbd7 5. cxd5 exd5 6. Bf4 c6 7. e3 Nh5 8.
Bd3 Nxf4 9. exf4 Bd6 10. Ne5 O-O 11. O-O Qh4 12. g3 Qh3 13. Qc2 Nb6 14. Rfe1 f6
15. Nf3 Qh5 16. Re3 Bg4 17. Nd2 c5 18. dxc5 Bxc5 19. Nxd5 Qxd5 20. Bxh7+ Kh8
21. Be4 Qh5 22. Bg6 Qh6 23. Qxc5 Qxg6 24. Re7 Rfd8 25. Nf1 Nd5 26. Rxb7 Nxf4
27. Rb3 Nh3+ 28. Kg2 Qe4+ 29. f3 Qe2+ 30. Kh1 Qxf3+ 31. Rxf3 Bxf3# 0-1

[Event "4NCL Division 1b"]
[Site "Northampton, ENG"]
[Date "2017.02.11"]
[Round "5.82"]
[White "Dargan, Paul A G"]
[Black "Mayhew, Andrew"]
[Result "0-1"]
[WhiteElo "2177"]
[BlackElo "2215"]
[PlyCount "70"]
[EventDate "2017.02.11"]
[WhiteTeam "North East England"]
[BlackTeam "Anglian Avengers 1"]

1. e4 e6 2. d4 d5 3. Nd2 h6 4. Ngf3 Nf6 5. Bd3 c5 6. c3 cxd4 7. cxd4 dxe4 8.
Nxe4 Nxe4 9. Bxe4 Bb4+ 10. Bd2 Bxd2+ 11. Qxd2 Nd7 12. Ne5 Nf6 13. Bf3 O-O 14.
O-O Qb6 15. Rad1 Rd8 16. Rfe1 Bd7 17. Re3 Ba4 18. b3 Be8 19. Nc4 Qc7 20. Re5
Rac8 21. Rc5 Qb8 22. Rxc8 Rxc8 23. d5 b5 24. Ne3 Rd8 25. d6 Qb6 26. b4 Bc6 27.
Bxc6 Qxc6 28. Qd4 Qa6 29. Qc5 Ne4 30. Qc7 Rxd6 31. Rxd6 Qxd6 32. Qxa7 Qxb4 33.
Qb8+ Kh7 34. Qf4 Qe1+ 35. Nf1 Nc3 0-1

[Event "4NCL Division 1b"]
[Site "Northampton, ENG"]
[Date "2017.02.11"]
[Round "5.83"]
[White "Taylor, Adam C"]
[Black "Moreby, James"]
[Result "1/2-1/2"]
[WhiteElo "2260"]
[BlackElo "2123"]
[PlyCount "81"]
[EventDate "2017.02.11"]
[WhiteTeam "Anglian Avengers 1"]
[BlackTeam "North East England"]

1. Nf3 d5 2. g3 c6 3. Bg2 Bg4 4. O-O Nd7 5. d3 e5 6. h3 Bxf3 7. Bxf3 Ngf6 8. c4
dxc4 9. dxc4 Bc5 10. Nc3 Qe7 11. Qc2 Qe6 12. Kg2 Qxc4 13. b3 Qe6 14. Ne4 Nxe4
15. Bxe4 Qe7 16. Rd1 h6 17. Bb2 Rd8 18. Bf5 g6 19. Bxd7+ Rxd7 20. Qe4 Rxd1 21.
Rxd1 Bd6 22. Qe3 a6 23. Bc3 Rh7 24. Qd2 Bc7 25. Bb4 Qe6 26. Qe3 f5 27. Qa7 Qc8
28. Qe3 Kf7 29. Qc5 Kg8 30. Bc3 Qe8 31. Ba5 Qf8 32. Qc4+ Kh8 33. Bxc7 Rxc7 34.
Qe6 Qg7 35. Rd8+ Kh7 36. Re8 e4 37. g4 Qf7 38. Qe5 Qg7 39. Kg3 Rf7 40. Qxg7+
Kxg7 41. gxf5 1/2-1/2

[Event "4NCL Division 1b"]
[Site "Northampton, ENG"]
[Date "2017.02.11"]
[Round "5.84"]
[White "Coathup, Roger H"]
[Black "Player, Edmund C"]
[Result "1-0"]
[WhiteElo "2158"]
[BlackElo "2237"]
[PlyCount "79"]
[EventDate "2017.02.11"]
[WhiteTeam "North East England"]
[BlackTeam "Anglian Avengers 1"]

1. c4 e5 2. Nc3 Nc6 3. g3 g6 4. Bg2 Bg7 5. e3 d6 6. Nge2 Be6 7. Nd5 Qd7 8. Qa4
Nh6 9. d3 O-O 10. h3 f6 11. b4 Nf5 12. b5 Nd8 13. O-O Rf7 14. Rb1 Ne7 15. Kh2
Nc8 16. Bd2 c6 17. bxc6 bxc6 18. Ndc3 Bf8 19. d4 d5 20. cxd5 cxd5 21. Qxd7 Rxd7
22. e4 Nb6 23. exd5 Nxd5 24. dxe5 fxe5 25. Ne4 Kg7 26. Rfc1 Ba3 27. Rd1 Nf7 28.
N2c3 Rad8 29. Nb5 Be7 30. Ba5 Rc8 31. a4 Rc4 32. Ra1 a6 33. Nbc3 Rd4 34. Ne2
Rxd1 35. Rxd1 Bb4 36. Rxd5 Bxd5 37. Bxb4 Rc7 38. Nd6 Bc6 39. Ba5 Rd7 40. Ne8+
1-0

[Event "4NCL Division 1b"]
[Site "Northampton, ENG"]
[Date "2017.02.11"]
[Round "5.85"]
[White "Oyama, Akito"]
[Black "Dalton, Joseph"]
[Result "1/2-1/2"]
[WhiteElo "2275"]
[BlackElo "2140"]
[PlyCount "101"]
[EventDate "2017.02.11"]
[WhiteTeam "Anglian Avengers 1"]
[BlackTeam "North East England"]

1. e4 g6 2. d4 Bg7 3. Nf3 c5 4. dxc5 Qa5+ 5. c3 Qxc5 6. Na3 d6 7. Be3 Qa5 8.
Qb3 Nh6 9. h3 O-O 10. Bc4 Kh8 11. Bxh6 Bxh6 12. Bxf7 Nd7 13. Bd5 e6 14. Bc4 Rf4
15. Qc2 d5 16. exd5 exd5 17. Be2 Nb6 18. O-O Bf5 19. Qd1 Nc4 20. Nxc4 dxc4 21.
Nd4 Rd8 22. Bxc4 Bg7 23. Qb3 Bxd4 24. cxd4 Rdxd4 25. Rac1 Qd2 26. Rcd1 Qc2 27.
Rxd4 Rxd4 28. Qxc2 Bxc2 29. b3 Kg7 30. Re1 Be4 31. f3 Bc6 32. Re7+ Kh6 33. Bg8
Rd7 34. Rxd7 Bxd7 35. Bd5 b6 36. Kf2 Kg7 37. Kg3 h6 38. f4 g5 39. Kf3 Kg6 40.
g4 Kf6 41. a4 a5 42. Kg3 b5 43. axb5 Bxb5 44. h4 gxf4+ 45. Kxf4 a4 46. b4 a3
47. Ke4 Bc6 48. g5+ hxg5 49. hxg5+ Kxg5 50. Kd3 Bxd5 51. Kc2 1/2-1/2

[Event "4NCL Division 1b"]
[Site "Northampton, ENG"]
[Date "2017.02.11"]
[Round "5.86"]
[White "Henderson, David"]
[Black "Gallagher, Daniel GH"]
[Result "1-0"]
[WhiteElo "2088"]
[BlackElo "2230"]
[PlyCount "63"]
[EventDate "2017.02.11"]
[WhiteTeam "North East England"]
[BlackTeam "Anglian Avengers 1"]

1. e4 e5 2. Nf3 Nc6 3. Bb5 a6 4. Ba4 Nge7 5. O-O g6 6. c3 Bg7 7. d4 exd4 8.
cxd4 b5 9. Bb3 O-O 10. Nc3 Na5 11. Bc2 d6 12. h3 c5 13. Bf4 Nc4 14. b3 Na3 15.
Rc1 Nc6 16. Ne2 Nb4 17. Bb1 Nxb1 18. Rxb1 Nxa2 19. dxc5 dxc5 20. Qc2 Nb4 21.
Qxc5 Nd3 22. Qc6 Nxf4 23. Nxf4 Ra7 24. Nd5 f5 25. Rbd1 Qe8 26. Qc5 Rd7 27. exf5
Rxf5 28. Rfe1 Qf8 29. Ne7+ Kf7 30. Qxc8 Rxe7 31. Rxe7+ Kxe7 32. Rd7+ 1-0

[Event "4NCL Division 1b"]
[Site "Northampton, ENG"]
[Date "2017.02.11"]
[Round "5.87"]
[White "Tozer, Philip A A"]
[Black "Robson, Paul E"]
[Result "1/2-1/2"]
[WhiteElo "2164"]
[BlackElo "1907"]
[PlyCount "62"]
[EventDate "2017.02.11"]
[WhiteTeam "Anglian Avengers 1"]
[BlackTeam "North East England"]

1. c4 g6 2. g3 Bg7 3. Nc3 c5 4. Bg2 Nc6 5. Nf3 e6 6. d3 d6 7. Bg5 Qd7 8. Qd2 h6
9. Be3 Nd4 10. Qc1 Ne7 11. O-O Rb8 12. Rb1 b6 13. b4 Bb7 14. Bxd4 cxd4 15. Nb5
e5 16. e3 a6 17. Na3 dxe3 18. Qxe3 O-O 19. Nc2 Nf5 20. Qe2 Rfe8 21. Ne3 Ne7 22.
Nd2 Bxg2 23. Kxg2 d5 24. Nxd5 Nxd5 25. cxd5 Qxd5+ 26. Qe4 Rbd8 27. Rfd1 Qxd3
28. Qxd3 Rxd3 29. Nc4 Rxd1 30. Rxd1 b5 31. Na5 Bf8 1/2-1/2

[Event "4NCL Division 1b"]
[Site "Northampton, ENG"]
[Date "2017.02.11"]
[Round "5.88"]
[White "Chan, Wei Yi Victoria"]
[Black "York-Andersen, Anna"]
[Result "1-0"]
[WhiteElo "1897"]
[BlackElo "1774"]
[PlyCount "65"]
[EventDate "2017.02.11"]
[WhiteTeam "North East England"]
[BlackTeam "Anglian Avengers 1"]

1. d4 Nf6 2. c4 g6 3. Nc3 d5 4. cxd5 Nxd5 5. Bd2 Bg7 6. e4 Nxc3 7. Bxc3 c5 8.
d5 Bxc3+ 9. bxc3 Qc7 10. Qd2 O-O 11. h4 Qe5 12. Bd3 Bg4 13. f3 Bc8 14. Ne2 e6
15. f4 Qd6 16. c4 exd5 17. cxd5 Na6 18. Nc3 Nb4 19. Bc4 Bd7 20. e5 Qe7 21. a3
Na6 22. Ne4 b5 23. d6 Qd8 24. Bd5 Rb8 25. Nf6+ Kg7 26. h5 Rh8 27. Rb1 b4 28.
axb4 Nxb4 29. Be4 Bc6 30. Bxc6 Nxc6 31. Rxb8 Qxb8 32. h6+ Kf8 33. Nd7+ 1-0